000 00446nab a2200145Ia 4500
003 ES-SlBCS
005 20210601131741.0
008 140529s1932 xxu||||| |||| 00| 0 fre d
041 _afre
100 1 _aGouhier, Henri
_911023
245 0 0 _aLa philosophie de Fontenelle ou le sourire de la raison
_c Henri Gouhier
650 0 4 _aFontenelle
_9188555
773 0 _tVie Intelectuelle (La)
_gvol. 16, nº. 3, 1932, págs. 256-258
_wRev907
942 _cAR
999 _c568155
_d568155